Memory, history, forgetting

Αποθηκεύτηκε σε:
Λεπτομέρειες βιβλιογραφικής εγγραφής
Κύριος συγγραφέας: Ricoeur, Paul
Άλλοι συγγραφείς: Blamey, Kathleen (Μεταφραστής), Pellauer, David (Μεταφραστής)
Μορφή: Βιβλίο
Γλώσσα:English
French
Δημοσίευση: Chicago and London : University of Chicago Press, 2006
Θέματα:
Ετικέτες: Προσθήκη ετικέτας
Δεν υπάρχουν, Καταχωρήστε ετικέτα πρώτοι!

MARC

LEADER 00000nam a2200000 i 4500
001 1/43115
008 140226s2006 eng d
020 |a 978-0-226-71342-7 (pbk.) 
020 |a 0-226-71342-3 
035 |l 10116869 
040 |a GR-MY-UA  |b gre  |e aacr 
041 0 |a eng  |h fre 
082 0 |a 128.3  |2 (22) 
100 1 |a Ricoeur, Paul. 
245 1 0 |a Memory, history, forgetting /  |c Paul Ricoeur ; translated by Kathleen Blamey and David Pellauer 
260 |a Chicago and London :   |b University of Chicago Press,   |c 2006 
300 |a xvii, 642 σ.;  |c 24 εκ. 
504 |a Περιλαμβάνει βιβλιογραφικές αναφορές (σ. [607]-626) και ευρετήριo 
650 0 0 |a Memory (Philosophy) 
650 0 0 |a History  |x Philosophy. 
700 1 |a Blamey, Kathleen.  |4 trl 
700 1 |a Pellauer, David.  |4 trl 
852 |a INST  |b LESVOS  |e 20140226  |h 128.3 RIC  |p 005100053469  |q 005100053469  |t BK  |y 0 
901 |a BIBL1-2014-1 
909 |a Λ  |b 179392 
922 |a 1ΕΛΗ  |b 201306  |c ΤΜΗΜΑ ΚΟΙΝΩΝΙΚΗΣ ΑΝΘΡΩΠΟΛΟΓΙΑΣ ΚΑΙ ΙΣΤΟΡΙΑΣ  |d ΙΩΑΝΝΙΔΟΥ 
970 |a ΤΖΑΦΕΡΗ  |b ΕΥΑΓΓΕΛΙΑ  |z 2014/02/27